00691nam a2200169Ia 450000500170000000800410001702000180005808200230007610000210009924500590012026000350017930000130021465000400022794200070026799900190027495202280029320250519134634.0231217s9999 xx 000 0 und d a9780670083497 a294.5923 DAS;1 R aDas, Gurucharan. 0aDifficulty of being good : on the subtle art of dharma c2009bPenguin GroupaNew Delhi alii, 434 aDifficulty,being,good,subtle,dharma cAA c191043d191043 r2024-01-26 00:00:00l0o294.5923 DAS;1 Rp76458W20v559.20w2024-01-26yAA1040708CL00KSIPHO/2010/CRB/967L21/05/2015aMLbMLcLAd2010-12-30eSurya Infotainment Products Pvt. Ltd.g699.00EMBAGRSF1V139.8URupees